Bitácora 1 historia /
Guardado en:
| Autor Principal: | |
|---|---|
| Formato: | Libro |
| Publicado: |
Buenos Aires :
Sm,
2005
|
| Etiquetas: |
Agregar Etiqueta
Sin Etiquetas, Sea el primero en etiquetar este registro!
|
| LEADER | 00541nam a22001575a 4500 | ||
|---|---|---|---|
| 001 | CEM.cems017309 | ||
| 005 | 20091113174300.0 | ||
| 008 | 130507s2005##################000#0#####d | ||
| 003 | CEMS | ||
| 020 | |a 987573036X | ||
| 082 | 0 | 4 | |a 930 |
| 100 | 1 | |a Buchbinder, Pablo | |
| 245 | 1 | 0 | |a Bitácora 1 historia / |c Pablo Buhbinder ; dirigido Por Susana Aime ; edición A Cargo de María Ernestina Alonso ; coordinado Por Sebastián Vargas |
| 260 | |a Buenos Aires : |b Sm, |c 2005 | ||
| 300 | |a 159 p. | ||
| 859 | |a CEMS |b BIB. CEMS - Agricultura |h 930 |i B851 |p A1123.09 |t Ej.1 |v 1 |3 1 | ||
